Implementácia Windows Phone aplikácie so synchronizáciou dát vo Windows Azure

Saved in:
Bibliographic Details
Main Author: Marko, Štefan, 1989- (Author)
Other Authors: Kurek, Martin, 1982- (Thesis advisor)
Format: Manuscript Book
Language:Slovak
Published: Trnava : STU v Bratislave MTF UIAM, 2013
Subjects:
Online Access:VAIS
Tags: Add Tag
No Tags, Be the first to tag this record!

MARC

LEADER 00000ntm a22000003a 4500
001 stu269277
005 20150617230248.6
008 130627s2013----xo------------------slo-d
040 |a STU  |b slo 
041 0 |a slo 
044 |a xo 
100 1 |a Marko, Štefan,  |d 1989-  |4 aut  |u M  |T MTF Materiálovotechnologická fakulta  |X 9628  |U M  |Y 60  |7 A000009628 
242 0 0 |a Implementing Windows Phone application with data synchronization in Windows Azure  |y eng 
245 1 |a Implementácia Windows Phone aplikácie so synchronizáciou dát vo Windows Azure 
260 |a Trnava :  |b STU v Bratislave MTF UIAM,  |c 2013 
650 7 |a Cloud computing  |2 estusub 
700 1 |a Kurek, Martin,  |d 1982-  |4 ths  |X 70852  |7 A000070852 
856 4 |a info a plný text  |u http://is.stuba.sk/zp/portal_zp.pl?podrobnosti=103488  |3 VAIS 
996 |c M*DP-11606  |l MMSKP  |s P  |a 0  |w stu269277_0001